| 000 | 00707nam a2200205Ia 4500 | ||
|---|---|---|---|
| 003 | GCL | ||
| 008 | 140319s9999 xx 000 0 ara d | ||
| 040 |
_aGCL / _cGCL |
||
| 082 | 0 | 4 |
_a366.1 _bع ج |
| 100 | 1 | _aعبدالوهاب المسيرى | |
| 245 | 1 | 0 |
_aالجمعيات السرية فى العالم البروتوكولات - الماسونية - البهائية / _cعبدالوهاب المسيرى |
| 260 |
_a[S.N] : _bدار الهلال للطباعة والنشر |
||
| 300 | _a266 ص | ||
| 490 |
_aكتاب الهلال _v0 |
||
| 650 | 0 | 4 | _aالجمعيات السرية |
| 650 | 0 | 4 | _aالبهائية |
| 650 | 0 | 4 | _aاليهودية |
| 650 | 0 | 4 | _aالماسونية |
| 942 |
_2ddc _cBK |
||
| 999 |
_c30836 _d30836 |
||